00731nam a2200241 a 4500001001300000003000900013005001700022008004100039020001000080082001300090100001500103245007900118260004600197300000800243500003500251505001500286650002900301700001500330902000800345942000700353952011400360999001500474nice12345678IN_TiNIC20260116012857.0050524s1888 luca grp 000 0 urd  ac10000a268bMAX aMaxwell, R aAjeeb-O-Mufeed Sawalat-E-Bible, for Sabbatical Schools & Christia Families aLucknowbMethodist Publishing Housec1888 a62p aincludes index and biblioraphy2 aRoman Urdu aBible-Study and Teaching1 aMaxwell, R bRBA cBK 001040708RareBook->aHMIbHMId2007-07-13g100.00l0o268 MAXp010989r2007-07-13v100.00w2005-05-24yBK c8739d8739